000 00592nam a2200241Ia 4500
003 OSt
005 20220918193344.0
006 a|||||r|||| 00| 0
007 ta
008 220917b |||||||| |||| 00| 0 eng d
024 _a72,729
037 _cTextual
040 _aARTS
_cARTS
_beng
041 _2eng
_aeng
082 _aR4, N3
100 _aStatman Daniel ed
_981528
245 0 _aMoral luck New York
260 _aN.Y
_bState Univ
_c1993
300 _a258p.
_ccm.
650 _aETHICS
942 _hR4, N3
_cTEXL
_2CC
999 _c198682
_d198682